MARC details
| 000 -CABECERA |
| campo de control de longitud fija |
01154nam a2200301 u 4500 |
| 005 - FECHA Y HORA DE LA ÚLTIMA TRANSACCIÓN |
| campo de control |
20250812063916.0 |
| 008 - ELEMENTOS DE LONGITUD FIJA--INFORMACIÓN GENERAL |
| campo de control de longitud fija |
191015s1999 r 000 0 spa d |
| 020 ## - NÚMERO INTERNACIONAL NORMALIZADO PARA LIBROS |
| Número Internacional Estándar del Libro |
847756485x |
| 035 ## - NÚMERO DE CONTROL DEL SISTEMA |
| Número de control de sistema |
UPN01000233403 |
| 040 ## - FUENTE DE LA CATALOGACIÓN |
| Centro catalogador/agencia de origen |
UPN |
| Lengua de catalogación |
spa |
| Centro/agencia transcriptor |
UPN |
| 050 #4 - SIGNATURA TOPOGRÁFICA DE LA BIBLIOTECA DEL CONGRESO |
| Número de clasificación |
LC146 |
| Número de documento/Ítem |
M3.3 |
| 100 1# - ASIENTO PRINCIPAL--NOMBRE PERSONAL |
| Nombre de persona |
Martín Cabrera, Eduardo |
| 9 (RLIN) |
43696 |
| 245 10 - MENCIÓN DE TÍTULO |
| Título |
Determinantes de éxito y fracaso en la trayectoria del estudiante universitario / |
| Mención de responsabilidad, etc. |
Eduardo Martin Cabrera, Luis A. García García, Pedro Hernández Hernández. |
| 250 ## - MENCIÓN DE EDICIÓN |
| Mención de edición |
1a ed. |
| 260 ## - PUBLICACIÓN, DISTRIBUCIÓN, ETC. |
| Lugar de publicación, distribución, etc. |
La Laguna, Santa Cruz de Tenerife : |
| Nombre del editor, distribuidor, etc. |
Universidad de La Laguna, Servicio de Publicaciones, |
| Fecha de publicación, distribución, etc. |
1999. |
| 300 ## - DESCRIPCIÓN FÍSICA |
| Extensión |
125 p. |
| 490 ## - MENCIÓN DE SERIE |
| Mención de serie |
Serie Psicología |
| Designación de volumen o secuencia |
1 |
| 490 ## - MENCIÓN DE SERIE |
| Mención de serie |
Colección Estudios y ensayos |
| Designación de volumen o secuencia |
7 |
| 504 ## - NOTA DE BIBLIOGRAFÍA, ETC. |
| Nota de bibliografía, etc. |
Incluye referencias bibliográficas (páginas 113-125). |
| 650 #4 - ASIENTO SECUNDARIO DE MATERIA - TERMINO TEMATICO |
| Término de materia o nombre geográfico como elemento de entrada |
Predicción del éxito escolar |
| 9 (RLIN) |
43697 |
| 650 #4 - ASIENTO SECUNDARIO DE MATERIA - TERMINO TEMATICO |
| 9 (RLIN) |
658 |
| Término de materia o nombre geográfico como elemento de entrada |
DESERCION UNIVERSITARIA |
| 650 #0 - ASIENTO SECUNDARIO DE MATERIA - TERMINO TEMATICO |
| Término de materia o nombre geográfico como elemento de entrada |
Estudiantes universitarios |
| Subdivisión general |
RENDIMIENTO |
| 9 (RLIN) |
9298 |
| 700 1# - ASIENTO SECUNDARIO--NOMBRE DE PERSONAL |
| Nombre de persona |
García García, Luis Alberto |
| Término indicativo de función/relación |
autor |
| 9 (RLIN) |
43698 |
| 700 1# - ASIENTO SECUNDARIO--NOMBRE DE PERSONAL |
| Nombre de persona |
Hernández, Pedro, |
| Fechas asociadas al nombre |
1941- |
| Término indicativo de función/relación |
autor |
| 9 (RLIN) |
43699 |
| 905 ## - TIPO DE MATERIAL |
| Tipo de material |
Libro |
| 942 ## - ELEMENTOS DE PUNTO DE ACCESO ADICIONAL (KOHA) |
| Fuente del sistema de clasificación o colocación |
Library of Congress Classification |
| Tipo de ítem Koha |
Libro |